Passages frontaliers - Statistiques

Statistiques générales
  • Ce quiz a été pris 50 036 fois
  • Le résultat moyen est 20 sur 24
Statistiques - réponses
Départ Direction Arrivée % Correct
Etats-Unis nord Canada
100%
Etats-Unis sud Mexique
100%
Suède ouest Norvège
92%
Portugal est Espagne
91%
Danemark sud Allemagne
90%
Lituanie nord Lettonie
90%
Finlande est Russie
90%
Argentine ouest Chili
88%
Mongolie sud Chine
88%
Égypte ouest Libye
86%
Égypte sud Soudan
85%
Lesotho peu importe Afrique du Sud
84%
Qatar sud Arabie Saoudite
84%
Uruguay ouest Argentine
84%
Népal nord Chine
81%
Laos est Viêt Nam
81%
Suriname sud Brésil
80%
République dominicaine ouest Haïti
79%
Géorgie nord Russie
76%
Moldavie nord Ukraine
76%
Costa Rica nord Nicaragua
75%
Syrie nord Turquie
75%
Kenya sud Tanzanie
69%
Brunei sud Malaisie
60%
Aucun quiz correspondant
Distribution des résultats
% des personnes avec chaque résultat
Percentile par nombre de réponses
Votre historique - résultats
Vous n’avez pas pris ce quiz